000 00649nam a22002057a 4500
003 OSt
005 20260611151445.0
008 260611b |||||||| |||| 00| 0 eng d
020 _a0871207877
040 _cChuka University Library
050 _aLB 3013
_b.M3 2003
100 _aMcLeod, Joyce
_928624
245 _aThe key elements of classroom management : Managing time and space , student behavior , and instructional strategies
260 _aVirginia
_bASCD
_c2003
300 _ai-vii, 195pp
_bIllustrated
650 _aClassroom Management
_911400
700 _aFisher, Jan
_928625
700 _aHoover, Ginny
_928626
942 _2lcc
_cBK
_n0
999 _c24010
_d24010